Представление документа в формате MARC21

Поле Инд. ПП Название Значение
Тип записи a
Библиографический уровень m
001 Контрольный номер 004959285
005 Дата корректировки 20150513113608.6
008 Кодируемые данные 110621s2011 y zzzz 000 1 rusdu
020 a ISBN 978-5-9916-1378-1
040 d Организация, изменившая запись RuMo
e Правила каталог. rcr
a Служба первич. каталог. НБ ТвГУ
041 a Код языка текста rus
080 a Индекс УДК 330.4(075.8)
084 a Индекс другой классификации/Индекс ББК У.в631я73-1
090 a Полочн. индекс У.в631
x Авторский знак П 58
100 1_ a Автор Попов Александр Михайлович
q Полное имя Попов А. М.
245 10 a Заглавие Экономико-математические методы и модели
b Продолж. заглавия высшая математика для экономистов : учебник для бакалавров : учебник для студентов вузов, обучающихся по специальностям экономики и управления
c Ответственность [под ред. А. М. Попова]
246 _0 a Другая форма заглавия Высшая математика для экономистов
260 a Место издания Москва
b Издательство Юрайт
c Дата издания 2011
300 a Объем 479 с.
b Иллюстрации/ тип воспроизводства ил., табл.
c Размеры 21 см
440 _0 a Серия Учебно-методическое объединение рекомендует
440 _0 a Серия Бакалавр
504 a Библиография Библиогр.: с. 458-459 (35 назв.)
504 a Библиография Предм. указ.: с. 452-455
520 a Аннотация Данный учебник является частью обучающего комплекса, в который также входят книги А.М.Попова и В.Н.Сотникова "Высшая математика для экономистов" и "Теория вероятностей и математическая статистика".
У чебник подготовлен в соответствии с Государственным образовательным стандартом высшего профессионального образования по дисциплине "Математика" для экономических специальностей. В нем изложены основные разделы математических методов и моделей в экономике в соответствии с дидактическими блоками Госстандарта.
Д ля студентов и аспирантов экономических направлений и специальностей.
653 a Ключевые слова Математические методы в экономике
a Ключевые слова Учебники для вузов
a Ключевые слова Экономика
a Ключевые слова Экономико-математические методы
a Ключевые слова Экономико-математические модели
700 1_ a Другие авторы Сотников Валерий Николаевич
q Полное имя Сотников, В. Н.
901 t Тип документа m
910 a гриф есть**
920 a Оператор Стру
930 a Новая/Ретро учебники
952 c Вид литературы К ру
954 a Дата поступления на обработку 20111114